| 000 | 00827nac a22002291u 4500 | ||
|---|---|---|---|
| 010 | _a012595609 | ||
| 020 | _a0195793870 | ||
| 022 | _a9953101906 | ||
| 028 | _bwww.bl.uk | ||
| 082 |
_a297.8209 _bJ1809 |
||
| 090 |
_c2663 _d2663 |
||
| 100 | _aJafri, S. Husain M. | ||
| 245 |
_aorigins and early development of Shi'as Islam _cS. Husain M. Jafri |
||
| 260 |
_aKarachi ; Oxford : _bOxford University Press,2000 _c2000 |
||
| 300 |
_ax, 332 p. ; _c 23 cm. |
||
| 490 | _a( The millennium series) | ||
| 500 | _aOriginally published: London : Longman, 1979. | ||
| 504 | _aIncludes bibliographical references and index. | ||
| 650 |
_ashi'as _xhistory |
||
| 942 |
_cBB _k297.8209J1809 |
||
| 999 |
_c2663 _d2663 |
||